| 000 | 00784nam a2200205 a 4500 | ||
|---|---|---|---|
| 003 | 0 | ||
| 005 | 20250424095634.0 | ||
| 008 | 970114s19uu xx 00 eng d | ||
| 050 |
_aPGS GV 1469.34.C57 _b.L357 2003 |
||
| 100 | _aLatip, Raeyan. | ||
| 245 |
_aComputer gaming habits and preferences of grade six students of Southville International School / _cRaeyan Latip. |
||
| 260 |
_aLas PiƱas City, Philippines : _bSouthville International School and Colleges, _c2003. |
||
| 300 |
_a21 pages : _billustrations ; _c28 cm. |
||
| 504 | _aIncludes bibliographical references. | ||
| 650 | _aVideo games and children | ||
| 650 |
_aComputer games _vSocial aspects. |
||
| 650 |
_aComputer games _vPsychological aspects. |
||
| 650 |
_aLeisure _vJuvenile literature. |
||
| 942 |
_2lcc _cPASS |
||
| 999 |
_c96883 _d96883 |
||